00587nam a2200169 i 450000100060000000300090000600500170001500700030003200800410003510000240007624501780010026000330027830000280031170000200033970000270035985200310038636047ES-MaACL20230906155302.0t|030217s1937 sp ||||1| spa d1 aBraeuning, Hermann.13aLa tuberculosis pulmonar b: hematogena del adulto, su origen y regresión, su evolución / cpor Hermann Braeuning y Franz Redeker ; traducción de Enrique Oliva Priego. aBarcelona : bLabor, c1937. aVIII, 335 p. ; c23 cm.1 aRedeker, Franz.1 aOliva Priego, Enrique. aES-MaACLjE-1105 bR.18002